| 000 | 00616nam a22001937a 4500 | ||
|---|---|---|---|
| 999 |
_c18487 _d18487 |
||
| 003 | AR-CdUCM | ||
| 008 | 190514b ||||| |||| 00| 0 spa d | ||
| 040 |
_aMUNICIPALIDAD PROVINCIAL DEL CUSCO _cBIBLIOTECA MUNICIPAL DEL CUSCO |
||
| 082 |
_a869.1 / _bA14 |
||
| 100 |
_aAbreu Gomez, Ermilo _939107 |
||
| 245 | _aEl Popul Vuh / | ||
| 260 |
_aMéxico : _bSecretaria de educación publica, _c1944. |
||
| 300 |
_a87 páginas ; _c21 cm. |
||
| 440 |
_aBiblioteca de enciclopédica publica _n34 _939108 |
||
| 505 | _aContenido : Narrativa | ||
| 650 |
_aLiteratura _983 |
||
| 942 |
_2ddc _cLIBROS |
||
| 945 |
_arah _d2019/05/14 |
||